[Event "Sinquefield Cup 4th"]
[Site "Saint Louis"]
[Date "2016.08.07"]
[Round "3"]
[White "Giri, Anish"]
[Black "Ding, Liren"]
[Result "1/2-1/2"]
[WhiteElo "2769"]
[BlackElo "2755"]
[Annotator "Mokal,P"]
[PlyCount "76"]
[EventDate "2016.08.05"]
[EventType "tourn"]
[EventRounds "9"]
[EventCountry "USA"]
[EventCategory "22"]
[SourceTitle "CBM 174"]
[Source "ChessBase"]
[SourceDate "2016.09.13"]
[SourceVersion "1"]
[SourceVersionDate "2016.09.13"]
[SourceQuality "1"]

1. e4 e5 2. Nf3 Nc6 3. Bb5 a6 4. Ba4 Nf6 5. O-O Be7 6. d3 b5 7. Bb3 d6 8. a3
Na5 {Ding Liren continues to play his favourite move.} ({The most popular move
here is} 8... O-O) 9. Ba2 c5 10. Nc3 Be6 11. Nh4 {This was Caruana's novelty
at Wijk aan Zee in January 2016. Before that, top level chess had seen two
other moves here, but Black got good play after both of them.} ({Anand's
choice was} 11. Bg5 c4 12. Nd2 $5 O-O 13. Bxf6 Bxf6 14. Nd5 Bxd5 15. exd5 e4
$132 {1/2-1/2 Anand-Ding Liren, Bilbao 2015 (34)}) ({while Topalov and Wei Yi
chose} 11. Bxe6 fxe6 12. Ne2 (12. b4 Nc6 13. bxc5 dxc5 14. Bb2 O-O 15. a4 b4
$132 {1/2-1/2 Wei Yi-Ding Liren, Baku 2015 (34)}) 12... Nc6 13. Ng3 O-O 14. c3
Qd7 15. Qe2 Rad8 (15... a5 $5) 16. Rd1 d5 $132 {1/2-1/2 Topalov-Svidler, Baku
2015 (42)}) 11... O-O ({The trend-setting game between Caruana and Ding Liren
went} 11... c4 $5 12. Nf5 Bxf5 13. exf5 O-O (13... Rc8 $5) 14. dxc4 Nxc4 15.
Bxc4 bxc4 16. Bg5 $1 {[%csl Gd5,Ge4] A standard idea, thematically taking
control of the light squares.} Rb8 17. Rb1 $14 {1-0 Caruana - Ding Liren, Wijk
aan Zee 2016 (83)}) 12. Nf5 Rc8 (12... Bxf5 13. exf5 Qd7 14. Nd5 Nxd5 15. Bxd5
Rac8 16. Qf3 c4 (16... Nc6 $5) 17. Be3 $14 {0-1 Pavlidis,A (2536)-Kelires,A 
(2464)/Kavala GRE 2016/The Week in Chess 1134 (58)}) (12... Nc6 13. Ne3 (13.
Bg5 Bxa2 14. Rxa2 Ne8 15. Be3 Bg5 16. Nd5 Bxe3 17. Nfxe3 (17. fxe3 $5) 17...
Nf6 {1/2-1/2 Hovhannisyan,R (2632)-Piorun,K (2681)/Gjakova 2016/CBM 173}) 13...
Nd7 14. Nf5 Nf6 15. Ne3 Nd7 16. Ncd5 Bg5 17. g3 Bxe3 18. Bxe3 Kh8 19. b4 Ne7
20. Nxe7 Qxe7 21. c3 f5 $132 {0-1 Timofeev,A (2598)-Matlakov,M (2693)/Sochi
2016/CBM 173 (56)}) 13. Bg5 ({A game that was played after this encounter took
place, but before it was published saw} 13. g4 Nc6 14. f4 exf4 15. Bxf4 Ne8 16.
Nd5 {and here Black missed a tactical point ...} Bg5 $2 17. Bxg5 Qxg5 18. Nde7+
$1 Nxe7 19. h4 {[%csl Re7]} Nxf5 (19... Qf6 20. g5 Qe5 21. Nxe7+ Kh8 22. Bxe6
$16) 20. hxg5 $18 {1-0 Sadzikowski-Banusz, Abu Dhabi 2016 (32)}) 13... Bxf5 14.
exf5 Ne8 (14... Nc6 15. Bxf6 Bxf6 16. Nd5 $14 {White maintains a very tiny
edge.}) 15. Be3 {Making sure that if Black wants to exchange the Bs then at
least White will improve his P-structure.} (15. Bxe7 Qxe7 16. Bd5 Nf6 17. Qf3 {
[%csl Gd4]} Qd7 $11) 15... Bg5 (15... Nf6 16. Nd5 Nxd5 17. Bxd5 $14) 16. Bd5
Bxe3 17. fxe3 Nf6 18. Qf3 Re8 ({Giri considered} 18... c4 {as a good move for
Black, trying to use the b3-square if needed.}) 19. b3 (19. Be4 c4 20. Nd5 cxd3
21. cxd3 Nb3 22. Rad1 Nc5 23. Nxf6+ Qxf6 24. Bd5 Na4 $132) 19... h6 (19... c4
$2 20. dxc4 bxc4 21. b4 $16) 20. Be4 {[%csl Ra5][%cal Gc3d5] It seems that
with his space advantage, better placed pieces and with the N coming to d5,
White is going to strangle Black slowly. But in this grim looking situation,
Ding Liren finds a neat resource...} ({Although White had a tiny edge, making
progress was not easy. Yet the best could probably have been waiting with} 20.
Rf2 $142 {keeping options in hand.}) 20... c4 $1 {The exchange sacrifice that
this move envisages, is the only way for Black to stay in the game. And not
just stay in the game but even look for the initiative if White falters! This
is the trick that Giri missed while going for Be4.} 21. dxc4 Nxc4 $1 (21...
bxc4 $2 22. b4 {[%csl Ra5]} Nxe4 23. Qxe4 Nc6 24. f6 $1 g6 25. Nd5 $18) 22.
bxc4 Rxc4 23. Bc6 Rxc3 24. Bxe8 Qxe8 25. Qb7 Ng4 ({It was worth considering} 
25... Qc6 $5 26. Qxc6 Rxc6 $15 {with evil intentions of torturing White in the
endgame.} 27. a4 {does not work so well} b4 28. a5 (28. Rab1 a5 $15) 28... Nd5
$1 (28... Rxc2 29. Rfb1 Rc4 30. Rb3 {[%csl Rb4,Rd5][%cal Ga1b1,Gb3d3,Gb1d1]}
Nd5 31. Rd3 Rc5 32. e4 Ne7 33. Rxd6) 29. Rfb1 e4 $15) 26. f6 (26. Qxa6 Nxe3 $15
) (26. e4 $5 Qd8 $5 {[%cal Gd8h4]} (26... d5 27. exd5 (27. Qxd5 Rxc2 $36) 27...
e4 28. h3 Ne3 29. Rf2 Nxc2 $13) (26... Qc6 27. Qxc6 Rxc6 28. Rfb1 {[%cal Ga3a4]
}) 27. h3 Ne3 28. Rf2 Qg5 $132 29. Qxa6 Nxg2 30. Rxg2 Qe3+ 31. Kh1 Qxh3+ $11)
26... Nxf6 (26... Nxe3 27. Rf3 {[%cal Ga1e1]} Qe6 28. Re1 Nd5 29. Rxc3 Nxc3 30.
Re3 Nd5 31. Qa8+ Kh7 32. fxg7 Kxg7 33. Rg3+ $16) ({Ding Liren again missed a
chance for a favourable Q exchange.} 26... Qc8 $142 27. Qxc8+ Rxc8 28. fxg7
Nxe3 $15 {with a very tiny edge. For example} 29. Rf3 Nc4 (29... Nxc2 30. Raf1
Rc7 31. Rc1 Rc5 32. Rcf1 $11) 30. a4 Nd2 31. Rd3 Ne4 32. axb5 axb5 33. Rd5 Rxc2
34. Rxb5 Kxg7) 27. Qxa6 Qd7 28. Rab1 Rc5 29. a4 (29. Rb2 $6 Nd5 30. Rfb1 (30.
Rd1 Nxe3 31. Qxd6 (31. Rxd6 Qf5 $19) 31... Qg4 {[%csl Rd1,Rg2]} 32. Rd2 Rd5 $1
$17) 30... Nc3 $15) (29. Rb3 $5 Kh7 (29... Nd5 $6 30. Rd3 {[%csl Rd6]}) 30.
Rfb1 Ng4 31. Rxb5 Rxc2 $132 {[%cal Gd7f5] gives Black enough counterplay.}) (
29. c4 bxc4 30. Rb8+ Kh7 31. Rxf6 gxf6 32. Qa8 Qc6 33. Rh8+ Kg6 34. Qg8+ Kf5
35. Qxf7 $13 {Giri thought that this was a better version for Black because of
the strong c4-P with the major pieces behind it, but he realised during the
post-mortem that this would have been equal because the major pices are also
blocked by the same pawn.}) 29... bxa4 30. Rb8+ Kh7 31. Rxf6 $6 {Objectively a
wrong sacrifice.} ({The best was} 31. Rb7 $142 {when Black would be forced to
find ways to make a draw.} Qe6 (31... Qc8 32. Qxd6 Rxc2 33. Rxf7 Rxg2+ $1 34.
Kxg2 Qg4+ 35. Kh1 (35. Kf2 Ne4+ $19) 35... Qe4+ 36. Kg1 Qg4+ $11) 32. Qxa4 Rc3
33. e4 Qc8 34. Qa7 (34. Rxf7 Qc5+ 35. Kh1 Ra3 $1) 34... Rxc2 35. Rxf6 Qg4 36.
Rf2 Rc1+ 37. Rf1 Rc2 $11) 31... gxf6 32. Qa8 Qc6 $1 (32... Kg6 33. Rg8+ Kf5 34.
g4+ Ke6 35. Re8+ $18) 33. Rh8+ Kg6 34. Qg8+ Kf5 35. Qxf7 (35. Qh7+ Ke6 36. Rf8
Qb7 37. Re8+ Kd7 38. Qxf7+ Kc6 39. Qa2 Qb4 $17) 35... Rxc2 $6 {Ding Liren
misses his chance. He considered it as a draw anyway and so played ...Rc2.} ({
What was called for at this point were bravery and courage...} 35... Ke4 $142
$1 36. Qxf6 (36. Rxh6 Rxc2 37. Rxf6 Kd3 $19 {[%csl Ga4]} (37... Kxe3 38. Rf3+
Kd4 $19)) ({Ding Liren saw 35...Ke4 but he admitted that he had missed that
after} 36. Qg6+ {he had the simple} f5 $19 (36... Kd5 37. Qf7+ (37. Qd3+ Ke6
38. Qg6 $11))) 36... Rxc2 37. Qf3+ Kd3 38. e4+ Kd4 $19 39. Rxh6 Qc5 {[%cal
Gc5d6,Gc5a3]} 40. h4 a3 $19 {and Black's a-P would not fail his king.}) 36.
Qh7+ Ke6 37. Qg8+ Kf5 38. Qh7+ Ke6 1/2-1/2

[Event "Olympiad-29"]
[Site "Novi Sad"]
[Date "1990.11.19"]
[Round "3"]
[White "Mahdy, Khaled"]
[Black "Mokry, Karel"]
[Result "0-1"]
[WhiteElo "2350"]
[BlackElo "2490"]
[Annotator "Mokry,K"]
[PlyCount "66"]
[EventDate "1990.11.17"]
[EventType "team-swiss"]
[EventRounds "14"]
[EventCountry "YUG"]
[SourceTitle "TD"]
[Source "ChessBase"]
[SourceDate "1994.03.01"]
[SourceVersion "1"]
[SourceVersionDate "1994.03.01"]
[SourceQuality "1"]
[WhiteTeam "Egypt"]
[BlackTeam "Czechoslovakia"]
[WhiteTeamCountry "EGY"]
[BlackTeamCountry "CSR"]

1. e4 e5 2. Nf3 Nc6 3. Bb5 a6 4. Ba4 Nf6 5. d4 exd4 6. O-O Be7 7. Re1 b5 8. e5
Nxe5 9. Rxe5 d6 10. Re1 bxa4 11. Bg5 $5 (11. Nxd4 Bd7 12. c4 $5 {N} (12. Qf3
$143) 12... O-O 13. Nc3 Rb8 14. Qf3 Ng4 15. Nf5 Ne5 16. Qe4 Bf6 17. Nd5 c6 18.
Nxf6+ Qxf6 19. Nxd6 Qxd6 20. Qxe5 Rfe8 21. Qc3 $10 {Khaled-Perez, Novi Sad (ol)
1990}) 11... O-O (11... c5 12. Bxf6 gxf6 13. c3 $44) 12. Qe2 h6 $1 {N} (12...
Re8 13. Bxf6 gxf6 14. Nxd4 Bb7 {/\ Bf8}) 13. Bh4 (13. Qxe7 $2 hxg5 $17) 13...
g5 14. Nxd4 (14. Qxe7 Qxe7 (14... gxh4 $143 15. Qe2 $44) 15. Rxe7 Nd5 16. Re4 (
16. Re1 gxh4 17. Nxd4 h3 $17) 16... c5 17. Nxg5 $8 (17. Bg3 f5 $19 {/\ f4})
17... hxg5 18. Bxg5 Bf5 $15) (14. Nxg5 $143 $2 hxg5 15. Bxg5 Be6 $19) 14... Bd7
$8 15. Bxg5 $6 (15. Qxe7 Qxe7 16. Rxe7 gxh4 $17) (15. Bg3 $142 Re8 $15) 15...
hxg5 16. Qxe7 Qxe7 17. Rxe7 c5 $1 18. Nf3 (18. Ne2 Rfb8 19. b3 Be6 20. Nbc3 Kf8
21. Rxe6 (21. Rc7 $143 Ne8 22. Rc6 Bd7 $19) 21... fxe6 $19) 18... g4 $17 19.
Ne1 (19. Ng5 Rfe8 20. Rxe8+ Rxe8 21. Nd2 (21. Nc3 $143 d5 {/\ d4}) 21... d5 $17
) 19... Be6 {צe7} (19... Rfb8 $5 {/\ Be6}) 20. Rb7 $1 (20. Nc3 Rfb8 21. Rd1
Kf8 22. Rc7 (22. Rxe6 fxe6 23. Rxd6 Ke7 $19) 22... Ne8 23. Rc6 Bd7 $19) 20...
Nd5 {/\ Bc8} 21. Nc3 $8 (21. c4 Bc8 22. cxd5 Bxb7 23. Nc3 Rab8 $19) 21... Nxc3
(21... Bc8 $2 22. Nxd5 Bxb7 23. Nf6+ Kg7 24. Nxg4 $15) 22. bxc3 a3 {><a2} 23.
Rb6 (23. Rab1 $2 Bxa2 24. Ra1 Bd5 $19) 23... Rfb8 24. Rxd6 Rb2 25. Rdd1 $2 (25.
Nd3 $142 $17) 25... Rab8 26. Nd3 Rxa2 $19 27. Rac1 (27. Rxa2 $143 Bxa2 {/\ Bc4}
) (27. Nxc5 Rxa1 28. Rxa1 a2 $19) 27... Rab2 28. f4 (28. Ra1 Rxc2 29. Rxa3 Rd2
$1 30. Raa1 Rxd1+ 31. Rxd1 Rd8 32. Nb2 (32. Kf1 Bb3 $19) 32... Rxd1+ 33. Nxd1
Bb3 34. Nb2 c4 $19) 28... R2b5 29. f5 Bxf5 30. c4 Ra5 31. Ne5 a2 32. Nc6 Bxc2
$1 33. Rxc2 Rb1 0-1

[Event "Nanjing Pearl Spring 3rd"]
[Site "Nanjing"]
[Date "2010.10.24"]
[Round "5"]
[White "Carlsen, Magnus"]
[Black "Topalov, Veselin"]
[Result "1-0"]
[WhiteElo "2826"]
[BlackElo "2803"]
[Annotator "Moradiabadi,E"]
[PlyCount "63"]
[EventDate "2010.10.20"]
[EventType "tourn"]
[EventRounds "10"]
[EventCountry "CHN"]
[EventCategory "21"]
[SourceTitle "CBM 139"]
[Source "ChessBase"]
[SourceDate "2010.11.18"]
[SourceVersion "1"]
[SourceVersionDate "2010.11.18"]
[SourceQuality "1"]

{A fine game in "Magnusian style!" The world number one is not seeking a deep
theoretical surprise, rather he chooses to simply outplay his opponent in a
position in which Topalov is even less experienced than he is!} 1. e4 e5 2. Nf3
Nc6 3. Bb5 {No more Scotch! After a fine and impressive game against Bacrot
one could expect to see another Scotch, however, I believe that Carlsen is
more interested in avoiding any special preparation and wants to bring the
game as quickly as possible to the phase one might call "fight at the board"!}
a6 {The Berlin is what one might have expected from Topalov.} 4. Ba4 Nf6 5. O-O
Be7 6. d3 $5 {The right decision in my opinion. Carlsen tries to pospone d4 in
order to choose his setup according to black's. There aren't many theoretical
surveys in this position, though statistics show us that black may be safe
here.} b5 7. Bb3 d6 8. a4 Rb8 9. axb5 axb5 10. Nbd2 {An odd though successful
choice first played by Daniel King.} O-O 11. Re1 Bd7 $146 (11... Be6 12. Bxe6
fxe6 13. c3 Qd7 14. d4 exd4 15. cxd4 Ra8 16. Rxa8 Rxa8 17. Nb3 Nd8 {1-0 King,D
(2506) -Krasenkow,M (2643)/Germany 1999/GER-chT (71)}) 12. c3 Ra8 13. Rxa8 Qxa8
14. d4 h6 15. Nf1 Re8 16. Ng3 Qc8 17. Nh4 {Carlsen starts his fight for the
initiative.} Bf8 $6 {An inaccuracy. The bishop on b3 is well-placed and
black's last move offers white the bishop pair with no genuine counter play.} (
17... Na5 18. Bc2 (18. Ba2 Nc4 $5 19. b3 (19. Bxc4 bxc4 20. dxe5 (20. Qe2 exd4
21. cxd4 $2 Nxe4 $1 {and Black would win}) 20... dxe5 21. Nhf5 Bf8 22. Qf3 Qa6)
19... Qa8 20. Qe2 Nb6 (20... Nd5 $2 21. Nhf5 Nxc3 22. Qg4 Bxf5 23. Nxf5 Bg5 24.
Bxg5 hxg5 25. Qxg5 g6 26. Nh6+ Kg7 27. Ng4 {would give White a decisive
winning attack.}) 21. Nhf5 Bf8 22. Bb1 {A rich position in which black is not
at all worse.}) 18... g6 $5) 18. Ng6 $1 Na5 19. Nxf8 Rxf8 20. Bc2 Re8 21. f4 $1
{Of course Magnus does not hesitate and goes straight for the king. Having a
strong pair of bishops and a rock solid center, who could resist the
temptation?} Bg4 22. Qd3 exf4 $2 {Not at any cost! It is understandable that
in a diffiicult position Topalov would seek activity but in my opinion it only
worsens the situation.} (22... Qb8 {was preferable though the position remains
worse.}) 23. Bxf4 Nc4 24. Bc1 $1 {A cool retreat.} c5 {The final mistake in my
opinion, and Black is helpless now.} 25. Rf1 cxd4 26. cxd4 Qd8 27. h3 Be6 28.
b3 Qa5 29. Kh2 {Magnus does not need to complicate things. With his last move
he has prepared the final blow!} Nh7 30. e5 g6 31. d5 Nxe5 32. dxe6 $1 (32.
dxe6 Nxd3 33. exf7+ Kf8 34. Bxh6+ Ke7 35. fxe8=Q+ Kxe8 36. Bxd3 {and not only
does g6 fall, but the knight on h7 is lost as well. Ex:} Qc7 37. Bxg6+ Kd8 38.
Rf7 $18) 1-0

[Event "Tata Steel-B 74th"]
[Site "Wijk aan Zee"]
[Date "2012.01.22"]
[Round "8"]
[White "Motylev, Alexander"]
[Black "Vocaturo, Daniele"]
[Result "1-0"]
[WhiteElo "2677"]
[BlackElo "2545"]
[Annotator "Motylev,A"]
[PlyCount "69"]
[EventDate "2012.01.14"]
[EventType "tourn"]
[EventRounds "13"]
[EventCountry "NED"]
[EventCategory "15"]
[SourceTitle "CBM 147"]
[Source "ChessBase"]
[SourceDate "2012.03.16"]
[SourceVersion "1"]
[SourceVersionDate "2012.03.16"]
[SourceQuality "1"]

1. e4 e5 2. Nf3 Nc6 3. Bb5 a6 4. Ba4 Nf6 5. O-O Be7 6. d3 $5 {In the evening
before the game I was too lazy to spent some hours going through multiple
spanish variations, so I decided to choose this simple line.} d6 7. c3 O-O 8.
Re1 b5 9. Bc2 Re8 ({The main continuation here is} 9... d5) 10. a4 Bd7 11. Nbd2
Bf8 12. Nf1 g6 $5 {A slightly unusual setup for this line. Other options are} (
12... b4) ({and} 12... h6) 13. Bg5 $5 {White secure the bishop's position on
g5.} (13. b4 $5) 13... Bg7 (13... h6 $2 {is not possible in view of} 14. axb5)
14. Qd2 Qc8 ({If} 14... Bg4 {now then} 15. Bd1 {and Ne3 next.}) 15. Ng3 ({
A different approach would be -} 15. Ne3 $5 Qb7 (15... h6 $2 {isn't possible
again because of} 16. Bxf6 Bxf6 17. axb5 axb5 18. Rxa8 Qxa8 19. Nd5) 16. b4 $14
) 15... Qb7 ({I think the immediate} 15... Bg4 {was better:} 16. Qe3 (16. b4 {
is not so clear in view of} Bxf3 17. gxf3 Qh3 ({or} 17... Nd8)) 16... Qb7 {
Still White has a slight advantage here, in my opinion.}) 16. b4 Bg4 17. Bb3 $5
{I was completely unafraid of an exchange on f3.} ({In the event of} 17. Qe3
Nd8 18. h3 Bd7 {White has some discomfort with his bishop on g5}) ({so if
White decided not to spoil the pawn structure, then he should prefer} 17. Qd1
$5 Nd8 (17... h6 18. Bd2) 18. h3 Bd7 19. d4) 17... Nd8 (17... Bxf3 18. gxf3 Nd8
{is the same.}) 18. d4 Bxf3 (18... Ne6 {was not bad:} 19. dxe5 dxe5 20. Nxe5
Rad8 21. Qc1 (21. Qa2 Nxg5 22. Bxf7+ Kh8 23. Bxe8 Rxe8 $13) 21... Nxg5 22. Qxg5
Be6 23. Bxe6 Rxe6 $14) 19. gxf3 Ne6 20. Be3 {During the game I was thinking I
have a big advantage, but the computer gives White only a slight plus (may be
it doesn't understand the Ruy Lopez?:)} Nd7 ({Perhaps the cautious} 20... c6 {
was better. White can reply} 21. Red1 ({or} 21. Ra3) ({or} 21. Ra2)) 21. f4 $5
{Again the computer doesn't like my decision, but I don't mind:)} exf4 22. Bxf4
Nxf4 $6 ({As the game shows this exchange is premature. Deserving attention was
} 22... Nf6 23. Bh6 a5 $5 {Probably White can keep a slight plus after} 24.
Bxg7 Kxg7 25. bxa5 (25. e5 Nd5) 25... Rxa5 26. Rab1 Qa8 27. Bxe6 Rxe6 28. d5)
23. Qxf4 Nf6 24. h4 $1 {I spent more than half an hour here and found this
really strong move.} (24. e5 $6 {does not promise much:} dxe5 25. Bxf7+ (25.
dxe5 Nd5) 25... Kxf7 26. dxe5 bxa4 ({or even} 26... g5 $5 27. Qxg5 Qf3)) 24...
Re7 ({If} 24... h5 {then there is the much more dangerous -} 25. e5 $1 (25. Qg5
$5) 25... dxe5 26. Bxf7+ Kxf7 27. dxe5 $40) 25. h5 Rae8 26. axb5 axb5 27. Re3
Qc8 28. h6 $1 (28. Rf3 $5 {was also very good but I like 28.h6 more}) 28... Bh8
({The engine's recommendation} 28... Qg4 $1 {was stronger, but in my view the
endgame after} 29. Qxg4 Nxg4 30. hxg7 Nxe3 31. fxe3 Rb8 32. Bd5 {is close to
winning for White.}) 29. e5 $1 dxe5 ({I was slightly hoping for} 29... Qg4 $4
30. exf6 $1 Qxf4 31. Rxe7 Rf8 32. Rxf7 $1) 30. dxe5 Ng4 $2 (30... Qg4 $4 {
was still losing} 31. exf6 $1 Qxf4 32. Rxe7 Rf8 33. Rxf7 $1) ({The only move
was} 30... Nd7 {but here Black's position is very bad -} 31. Rae1 ({engines
vote for} 31. Ne4 $5 Bxe5 (31... Rf8 32. Rd1 Bxe5 33. Qg5) 32. Qf3 {but it's
not for the human mind}) 31... Nf8 32. Ne4 {this is the normal continuation,
but the computer likes} (32. Nh5 $5 gxh5 33. Rf3 $1 Ne6 (33... Qd7 $142 34. Rd1
Qxd1+ 35. Bxd1 Ng6 $18) 34. Qf5 $1 Rd7 35. Kh2 Qd8 36. Rg1+ Kf8 37. Kh3 $5 $18)
32... Qf5 33. Qxf5 gxf5 34. Ng5 f4 35. Rf3 Ng6 (35... Bxe5 36. Nxf7 $1 Rxf7 37.
Rxf4 $1 Bxf4 38. Rxe8 $18) 36. e6 f5) 31. e6 $1 f5 32. Nxf5 $1 {White had to
foresee this little combination when playing 29.e5.} gxf5 33. Rg3 $1 Be5 ({
This is an oversight, but after} 33... Bf6 34. Qxf5 Kh8 35. Qxg4 {Black's
position is hopeless anyway.}) 34. Qxe5 Rf8 35. Rxg4+ 1-0

[Event "POL-ch 60th"]
[Site "Warsaw"]
[Date "2003.05.04"]
[Round "13"]
[White "Bartel, Mateusz"]
[Black "Krasenkow, Michal"]
[Result "1/2-1/2"]
[WhiteElo "2443"]
[BlackElo "2609"]
[Annotator "Mueller,Karsten"]
[PlyCount "197"]
[EventDate "2003.04.22"]
[EventType "tourn"]
[EventRounds "13"]
[EventCountry "POL"]
[EventCategory "12"]
[SourceTitle "CBM 095"]
[Source "ChessBase"]
[SourceDate "2003.07.25"]
[SourceVersion "1"]
[SourceVersionDate "2003.07.25"]
[SourceQuality "1"]

1. e4 e5 2. Nf3 Nc6 3. Bb5 a6 4. Ba4 Nf6 5. d3 d6 6. c3 Be7 7. O-O O-O 8. Re1
Bd7 9. Nbd2 Re8 10. Nf1 Bf8 11. Ng3 g6 12. h3 Bg7 13. Be3 Qe7 14. Bb3 Qf8 15.
Ng5 Re7 16. f4 h6 17. Nf3 exf4 18. Bxf4 Ne5 19. Rf1 Nh7 20. Qd2 Kh8 21. Nh4 Nf6
22. Rf2 Be6 23. Bxe5 dxe5 24. Raf1 Bxb3 25. Rxf6 Bxf6 26. Rxf6 Bxa2 27. Nxg6+
fxg6 28. Rxf8+ Rxf8 29. Qxh6+ Kg8 30. c4 Rg7 31. Qg5 Re8 32. h4 Bb1 33. h5 Re6
34. d4 exd4 35. Qd5 Rge7 36. hxg6 c6 37. Qd8+ Re8 38. Qxd4 Rxg6 39. Nh5 Re7 40.
Nf6+ Kf7 41. e5 Rg5 42. Ng4 Ke8 43. Kf2 Bg6 44. c5 Rf5+ 45. Kg3 Rd7 46. Qc4 Ke7
47. Nf6 Rd2 48. Qh4 Kf7 49. Qc4+ Ke7 50. Qg8 Rff2 51. Qg7+ Bf7 52. Kh2 Ke6 53.
Ng4 Rxg2+ 54. Kh3 Ke7 55. Qf6+ Ke8 56. e6 Bxe6 57. Qxe6+ Kd8 58. Qf6+ Kc8 59.
Qf8+ Kc7 60. Qf4+ Kc8 61. b4 Rge2 62. Ne5 Rf2 63. Qg3 Rf8 64. Qg4+ Kb8 65. Nd7+
Rxd7 66. Qxd7 Ka7 67. Kg3 Rf1 68. Qd3 Rf8 69. Qa3 Kb8 70. Kg4 Rf1 71. Kg5 Rf8
72. Kg6 Ka8 73. Kg7 Rf4 74. b5 cxb5 75. Qa5 Rc4 76. Qb6 b4 77. Kf7 b3 78. Ke7
b2 79. Kd6 Rc2 $2 {It was more important to bring the rook in the right
position: Es war wichtiger den Turm in die richtige Position zu bringen:} (
79... Rg4 80. Qxb2 Rg6+ 81. Kd5 Rc6 $11) 80. Qb3 Rg2 (80... Re2 {loses to
verliert wegen} 81. c6 bxc6 82. Qb6 Rd2+ 83. Kc7 $18) 81. Kd7 $2 {White misses
his chance and gets no second Weiß verpasst seine Chance und bekommt keine
zweite.} (81. Kc7 {was the way to win: war der Festungsknacker:} Rg7+ 82. Kc8
b1=Q 83. Qxb1 Rg8+ 84. Kc7 Rg7+ 85. Kb6 Rg8 86. c6 bxc6 87. Qh7 $18) 81... Kb8
82. Kd6 (82. c6 Rg7+ 83. Kd8 Rc7 84. Qxb2 Rxc6 $11) 82... Rg6+ 83. Ke7 Rc6 84.
Qxb2 Rxc5 85. Qh2+ Ka7 86. Qf2 b6 87. Kd6 a5 88. Qf8 Kb7 89. Qe7+ Ka6 90. Qd7
Rc1 91. Qe8 Ka7 92. Qe2 Rc5 93. Kd7 Kb7 94. Qf3+ Ka7 95. Kd8 Kb8 96. Qb3 Kb7
97. Qf7+ Kb8 98. Qd7 Ka8 99. Qd6 1/2-1/2